• 首页
  • 本馆介绍
  • 公告通知
  • 最新文献
  • 馆藏检索
  • 电子资源
  • 读者导购
  • 参考咨询
  • 我的图书馆
  • 登录
  • 详细信息显示
  • 放入我的书架
  • 预约/预借图书
  • 作者相关作品
  • 分类相关作品
  • 丛书相关作品
  • 出版社相关作品

书目信息

  • 表格格式
  • 工作单格式
  • 卡片格式
题名:
土力学原理
    
 
作者: Хлорин , 弗洛林 著 ;同济大学土力学及地基基础教研室 译
分册: 第一卷   一般的关系式与建筑物地基的应力状态
出版信息: 北京   中国工业出版社  1965
页数: 296页
开本: 26cm
丛书名:
单 册:
中图分类: TU43 , TU43
科图分类:
主题词: 土力学--理论 , 土力学
电子资源:
ISBN:
000 01392nam0 2200313 45 981
001 0661426349
005 20060815170434.96
010    @dCNY3.10
091    @a15165.3458(建工-404)
100    @a19960506d1965 emky0chiy0121 ea
101 1  @achi@crus
102    @aCN@b110000
105    @afa z 000yy
106    @ar
200 10 @a土力学原理@h第一卷@i一般的关系式与建筑物地基的应力状态@f(苏)弗洛林,В.А.著@g同济大学土力学及地基基础教研室译@Atu li xue yuan li
210    @a北京@c中国工业出版社@d1965
215    @a296页@c表,图@d26cm
300    @a译自:Основы механики грунтов.том IОбщие эависимости и напряженное состояние оснований сооружений
517 1  @aОсновы механики грунтов.том IОбщие эависимости и напряженное состояние оснований сооружений@zrus
517 1  @a一般的关系式与建筑物地基的应力状态@Ayi ban de guan xi shi yu jian zhu wu di ji de ying li zhuang tai
606    @a土力学@x理论
606 0  @a土力学
690    @aTU43
690    @aTU43@v3
701 A1 @aХлорин@bВ.А.@4著@AХлорин
701  1 @a弗洛林@bВ.А.@4著@Afu luo lin
712 02 @a同济大学土力学及地基基础教研室@4译@Atong ji da xue tu li xue ji di ji ji chu jiao yan shi
801 0  @c20060815
905    @a10447@dTU43@e300
    
    土力学原理.第一卷.一般的关系式与建筑物地基的应力状态/(苏)弗洛林,В.А.著/同济大学土力学及地基基础教研室译.-北京:中国工业出版社,1965
    296页:表,图;26cm
    译自:Основы механики грунтов.том IОбщие эависимости и напряженное состояние оснований сооружений
    
    ISBN :CNY3.10
    
●
相关链接 在E读中查询图书 在五车中查询图书 在当当中查询图书 在豆瓣中查询图书


正题名:土力学原理     索取号:TU43/300         预约/预借

序号 登录号 条形码 馆藏地/架位号 状态 备注
1 0458613   204586135   密集书库/ [索取号:TU43/300] 在馆    
唐山师范学院图书馆 欢迎您!
大连网信软件有限公司© 版权所有